Tratados y acuerdos internacionales de la República Dominicana 1844-1998 : tratados sobre propiedad intelectual / (Registro nro. 23885)
[ vista simple ]
| 000 -LEADER | |
|---|---|
| fixed length control field | 00620nam a22001817a 4500 |
| 003 - CONTROL NUMBER IDENTIFIER | |
| control field | DO-CoUTE |
| 005 - DATE AND TIME OF LATEST TRANSACTION | |
| control field | 20250922095711.0 |
| 008 - FIXED-LENGTH DATA ELEMENTS--GENERAL INFORMATION | |
| fixed length control field | 250922b dr ||||| |||| 00| 0 spa d |
| 040 ## - CATALOGING SOURCE | |
| Original cataloging agency | DO-CoUTE |
| Language of cataloging | spa |
| Transcribing agency | DO-CoUTE |
| 082 ## - DEWEY DECIMAL CLASSIFICATION NUMBER | |
| Classification number | RD 341.37 |
| Item number | T692a |
| 110 1# - MAIN ENTRY--CORPORATE NAME | |
| Corporate name or jurisdiction name as entry element | Fundación Global Democracia y Desarrollo |
| Relator term | Autor |
| 245 10 - TITLE STATEMENT | |
| Title | Tratados y acuerdos internacionales de la República Dominicana 1844-1998 : tratados sobre propiedad intelectual / |
| Statement of responsibility, etc. | Fundglode |
| 260 ## - PUBLICATION, DISTRIBUTION, ETC. | |
| Place of publication, distribution, etc. | Santo Domingo ; |
| Name of publisher, distributor, etc. | Fundogle |
| Date of publication, distribution, etc. | 2005 |
| 300 ## - PHYSICAL DESCRIPTION | |
| Extent | 302 paginas |
| Dimensions | 22cm |
| 650 ## - SUBJECT ADDED ENTRY--TOPICAL TERM | |
| Topical term or geographic name entry element | Propiedad Intelectual |
| 710 1# - ADDED ENTRY--CORPORATE NAME | |
| Corporate name or jurisdiction name as entry element | Funglode |
| Relator term | autor |
| 942 ## - ADDED ENTRY ELEMENTS (KOHA) | |
| Source of classification or shelving scheme | Dewey Decimal Classification |
| Koha item type | Libros |
| Withdrawn status | Lost status | Source of classification or shelving scheme | Damaged status | Not for loan | Collection code | Home library | Current library | Shelving location | Date acquired | Inventory number | Total Checkouts | Full call number | Barcode | Date last seen | Copy number | Price effective from | Koha item type |
|---|---|---|---|---|---|---|---|---|---|---|---|---|---|---|---|---|---|
| Dewey Decimal Classification | Colección Dominicana | Biblioteca UTECO | Biblioteca UTECO | En Estantería | 09/22/2025 | 023322 | RD 341.37 T692a | 023322 | 09/22/2025 | Ej.1 | 09/22/2025 | Libros |
